Statistics for Cycling - Winners of Paris-Roubaix

Click here to take the quiz!

General Stats

  • This quiz has been taken 114 times
    (64 since last reset)
  • The average score is 36 of 115

Answer Stats

YearNationalityRider% Correct
2009(BEL)Tom Boonen
96%
2012(BEL)Tom Boonen
96%
2008(BEL)Tom Boonen
96%
2005(BEL) Tom Boonen
96%
2013(SUI)Fabian Cancellara
91%
2010(SUI)Fabian Cancellara
91%
2006(SUI)Fabian Cancellara
91%
1973(BEL) Eddy Merckx
87%
1970(BEL)Eddy Merckx
87%
1968(BEL) Eddy Merckx
87%
2017(BEL)Greg Van Avermaet
77%
2015(GER)John Degenkolb
77%
2014(NED)Niki Terpstra
77%
2016(AUS)Mathew Hayman
70%
1996(BEL) Johan Museeuw
68%
2000(BEL) Johan Museeuw
68%
2002(BEL) Johan Museeuw
68%
2011(BEL) Johan Vansummeren
57%
2004(SWE)Magnus Bäckstedt
57%
2003(BEL) Peter Van Petegem
57%
1972(BEL) Roger De Vlaeminck
57%
1977(BEL) Roger De Vlaeminck
57%
1975(BEL) Roger De Vlaeminck
57%
1974(BEL) Roger De Vlaeminck
57%
1986(IRL)Sean Kelly
57%
1984(IRL)Sean Kelly
57%
1981(FRA) Bernard Hinault
55%
1950(ITA) Fausto Coppi
55%
1949(ITA) & (FRA)Serse Coppi & André Mahe
55%
2007(AUS)Stuart O'Grady
55%
1999(ITA) Andrea Tafi
51%
1994(MDA)Andrei Tchmil
45%
1978(ITA) Francesco Moser
45%
1979(ITA) Francesco Moser
45%
1980(ITA) Francesco Moser
45%
1961(BEL) Rik Van Looy
45%
1962(BEL) Rik Van Looy
45%
1965(BEL) Rik Van Looy
45%
2001(NED) Servais Knaven
45%
1990(BEL) Eddy Planckaert
40%
1966(ITA)Felice Gimondi
40%
1982(NED) Jan Raas
36%
1983(NED) Hennie Kuiper
34%
1967(NED)Jan Janssen
34%
1969(BEL)Walter Godefroot
34%
1956(FRA) Louison Bobet
32%
1995(ITA) Franco Ballerini
30%
1998(ITA) Franco Ballerini
30%
1997(FRA) Frédéric Guesdon
30%
1992(FRA) Gilbert Duclos-Lassalle
30%
1993(FRA) Gilbert Duclos-Lassalle
30%
1987(BEL) Eric Vanderaerden
26%
1991(FRA) Marc Madiot
26%
1985(FRA) Marc Madiot
26%
1898(ITA) Maurice Garin
26%
1897(ITA) Maurice Garin
26%
1948(BEL) Rik Van Steenbergen
26%
1952(BEL) Rik Van Steenbergen
26%
1933(BEL) Sylvère Maes
26%
1911(FRA) Octave Lapize
23%
1909(FRA) Octave Lapize
23%
1910(FRA) Octave Lapize
23%
1976(BEL) Marc Demeyer
17%
1988(BEL) Dirk Demol
15%
1913(LUX)François Faber
15%
1989(BEL) Jean-Marie Wampers
15%
1954(BEL) Raymond Impanis
15%
1906(FRA) Henri Cornet
13%
1919(FRA) Henri Pelissier
13%
1921(FRA) Henri Pélissier
13%
1955(FRA) Jean Forestier
13%
1959(BEL) Noël Foré
13%
1928(FRA) André Leducq
11%
1923(SUI)Henri Suter
11%
1896(GER)Josef Fischer
11%
1943(BEL) Marcel Kint
11%
1964(NED) Peter Post
11%
1957(BEL) Fred De Bruyne
9%
1936(FRA) Georges Speicher
9%
1904(FRA) Hippolyte Aucouturier
9%
1903(FRA) Hippolyte Aucouturier
9%
1932(BEL) Romain Gijssels
9%
1900(FRA) Emile Bouhours
6%
1931(BEL) Gaston Rebry
6%
1934(BEL) Gaston Rebry
6%
1935(BEL) Gaston Rebry
6%
1927(BEL) Georges Ronsse
6%
1953(BEL) Germain Derijcke
6%
1926(BEL) Julien Delbecque
6%
1905(FRA) Louis Trousselier
6%
1901(FRA) Lucien Lesna
6%
1902(FRA) Lucien Lesna
6%
1960(BEL) Pino Cerami
6%
1971(BEL) Roger Rosiers
6%
1899(FRA) Albert Champion
4%
1908(BEL) Cyrille Van Hauwaert
4%
1963(BEL) Emile Daems
4%
1947(BEL) Georges Claes
4%
1946(BEL) Georges Claes
4%
1945(FRA) Paul Maye
4%
1951(ITA) Antonio Bevilacqua
2%
1912(FRA) Charles Crupelandt
2%
1914(FRA) Charles Crupelandt
2%
1929(BEL) Charles Meunier
2%
1907(FRA) Georges Passerieu
2%
1924(BEL) Jules Van Hevel
2%
1930(BEL) Julien Vervaecke
2%
1958(BEL) Leon Van Daele
2%
1944(BEL) Maurice Desimpelaere
2%
1920(BEL) Paul Deman
2%
1922(BEL) Berten Dejonghe
0%
1939(BEL) Emile Masson jr
0%
1925(BEL) Felix Sellier
0%
1937(ITA) Jules Rossi
0%
1938(BEL) Lucien Storme
0%

Score Distribution

Percentile by Number Answered

Percent of People with Each Score

Your Score History

You have not taken this quiz since the last reset